Communes de la Côte-d'Or (21) de plus de 10000 habitants - Statistiques

Statistiques générales
  • Ce quiz a été pris 80 fois
  • Le résultat moyen est 3 sur 5
Statistiques - réponses
Hint Réponse % Correct
159941 (préfecture) Dijon
100%
20233 Beaune
95%
14299 Chenôve
71%
11986 Talant
53%
10895 Chevigny-Saint-Sauveur
25%
Aucun quiz correspondant
Distribution des résultats
% des personnes avec chaque résultat
Percentile par nombre de réponses
Votre historique - résultats
Vous n’avez pas pris ce quiz